Ferdinand Hodler : (Record no. 965)
[ view plain ]
| 000 -LEADER | |
|---|---|
| campo de control de longitud fija | 01139nam a22002537a 4500 |
| 008 - DATOS DE LONGITUD FIJA--INFORMACIÓN GENERAL | |
| campo de control de longitud fija | 160625s1990 sz||||| |||| 00| 0 fre d |
| 082 04 - NÚMERO DE LA CLASIFICACIÓN DECIMAL DEWEY | |
| Número de clasificación | 759.057 |
| Número de ítem | H691fe |
| 100 ## - ENTRADA PRINCIPAL--NOMBRE DE PERSONA | |
| Nombre de persona | Hodler, Ferdinand. |
| 9 (RLIN) | 5266 |
| 245 10 - MENCIÓN DEL TÍTULO | |
| Título | Ferdinand Hodler : |
| Resto del título | collection Adda et Max Schmidheiny / |
| Mención de responsabilidad, etc. | Ferdinand Hodler ; ensayo por Oskar Bätschmann y Hans A. Lüthy ; catálogo por Marcel Baumgartner. |
| 250 ## - MENCION DE EDICION | |
| Mención de edición | 1a ed. |
| 260 ## - PUBLICACIÓN, DISTRIBUCIÓN, ETC. | |
| Lugar de publicación, distribución, etc. | Suiza : |
| Nombre del editor, distribuidor, etc. | Institut suisse pour l'étude de l'art, |
| Fecha de publicación, distribución, etc. | 1990. |
| 300 ## - DESCRIPCIÓN FÍSICA | |
| Extensión | 120 p. |
| Otras características físicas | il. col. |
| 500 ## - NOTA GENERAL | |
| Nota general | Publicado para la ocasión de la exposición Ferdinand Hodler Collection Adda et Max Schmidheiny en el Musée Jenisch, del 25 de marzo al 17 de junio de 1990. |
| 505 0# - NOTA DE CONTENIDO CON FORMATO | |
| Título | Avant-propos. |
| -- | Hodler peintre |
| Mención de responsabilidad | Oskar Bätschmann. |
| Título | Les collectionneurs de Hodler |
| Mención de responsabilidad | Hans A. Lüthy. |
| Título | Catalogue |
| Mención de responsabilidad | Marcel Baumgartner. |
| Título | Bibliographie et abréviations. |
| 653 10 - TÉRMINO DE INDIZACIÓN--NO CONTROLADO | |
| Término no controlado | Pintura |
| 653 10 - TÉRMINO DE INDIZACIÓN--NO CONTROLADO | |
| Término no controlado | Arte-simbolismo |
| 653 10 - TÉRMINO DE INDIZACIÓN--NO CONTROLADO | |
| Término no controlado | Arte Suizo |
| 653 10 - TÉRMINO DE INDIZACIÓN--NO CONTROLADO | |
| Término no controlado | Siglo 19 |
| 653 10 - TÉRMINO DE INDIZACIÓN--NO CONTROLADO | |
| Término no controlado | Catálogo de exhibición |
| 653 10 - TÉRMINO DE INDIZACIÓN--NO CONTROLADO | |
| Término no controlado | Musée Jenisch |
| 700 1# - ENTRADA AGREGADA--NOMBRE PERSONAL | |
| Nombre de persona | Bätschmann, Oskar. |
| 9 (RLIN) | 5267 |
| 700 1# - ENTRADA AGREGADA--NOMBRE PERSONAL | |
| Nombre de persona | Lüthy, Hans A. |
| 9 (RLIN) | 5268 |
| 700 1# - ENTRADA AGREGADA--NOMBRE PERSONAL | |
| Nombre de persona | Baumgartner, Marcel. |
| 9 (RLIN) | 5269 |
| Estatus retirado | Estado de pérdida | Fuente del sistema de clasificación o colocación | Estado de daño | No para préstamo | Biblioteca de origen | Biblioteca actual | Ubicación en estantería | Fecha de adquisición | Total de préstamos | Signatura topográfica completa | Código de barras | Visto por última vez | Precio de reemplazo | Tipo de ítem Koha |
|---|---|---|---|---|---|---|---|---|---|---|---|---|---|---|
| Clasificación Decimal Dewey | Biblioteca LadoV | Biblioteca LadoV | 25/06/2016 | 759.057 H691fe | 000841 | 25/06/2016 | 25/06/2016 | Material 01 |
